00856nam a2200241Ia 450000500170000000800410001702000150005804100080007308200170008110000310009824500650012925000220019430000250021649000240024165100550026565100440032065100700036426400570043433600270049133700330051833800280055104000350057920220316235541.0121119s2002 ck gr 000 0 spa  a95836008730 aspa04a986.11 F14H31 aFals Borda, Orlandod1925-10aHistoria doble de la costa, 3 bresistencia en el San Jorge  aPrimera edición a212 páginasc20 cm0 aMaestros de la sede 4aCosta Atlántica (Colombia)xPolitica y gobierno  4aCosta Atlántica (Colombia)ySiglo XIX 4aCosta Atlántica (Colombia)xVida social y costumbresySiglo XIX aBogotábEl ÁncorabBanco de la Repúblicac2002 atextobtxt2rdacontent asin mediaciónbn2rdamedia avolumenbnc2rdacarrier aCO-BoRNBPbspaerdacCO-BoRNBP